La transición vigilada (Record no. 187099)

MARC details
000 -LEADER
campo de control de longitud fija 00808nam a2200241 i 4500
001 - NÚMERO DE CONTROL
campo de control 187099
003 - IDENTIFICADOR DE NÚMERO DE CONTROL
campo de control SpMaBN
005 - FECHA Y HORA DE LA ÚLTIMA TRANSACCIÓN
campo de control 20250829045054.0
008 - DATOS DE LONGITUD FIJA--INFORMACIÓN GENERAL
campo de control de longitud fija 170412s1994 sp |||| |dspa d
020 ## - NÚMERO INTERNACIONAL ESTÁNDAR DEL LIBRO
Número Internacional Estándar del Libro 84-7880-372-6
080 ## - NÚMERO DE LA CLASIFICACIÓN DECIMAL UNIVERSAL
Número de la Clasificación Decimal Universal 323.276(460)"1981"(093.3)
100 1# - ENTRADA PRINCIPAL--NOMBRE DE PERSONA
Nombre de persona Martínez Inglés, Amadeo.
9 (RLIN) 78160
245 13 - MENCIÓN DEL TÍTULO
Título La transición vigilada
Resto del título : del sábado santo "rojo" al 23-F /
Mención de responsabilidad, etc. Amadeo Martínez Inglés.
250 ## - MENCION DE EDICION
Mención de edición 1ª ed.
260 ## - PUBLICACIÓN, DISTRIBUCIÓN, ETC.
Lugar de publicación, distribución, etc. Madrid :
Nombre del editor, distribuidor, etc. Temas de Hoy,
Fecha de publicación, distribución, etc. 1994.
300 ## - DESCRIPCIÓN FÍSICA
Extensión 234 p. ;
Dimensiones 23 cm.
490 1# - MENCIÓN DE SERIE
Mención de serie Grandes temas ;
Designación de volumen o secuencia 21
500 ## - NOTA GENERAL
Nota general Índice onomástico.
651 #7 - PUNTO DE ACCESO ADICIONAL DE MATERIA--NOMBRE GEOGRÁFICO
Nombre geográfico España-
Subdivisión general Historia-
Subdivisión cronológica 1981, Golpe de Estado-
Subdivisión de forma Relatos personales.
9 (RLIN) 155321
830 00 - PUNTO DE ACCESO ADICIONAL DE SERIE-TÍTULO UNIFORME
Título uniforme Grandes temas (Temas de Hoy)
Designación de volumen o secuencia 21
9 (RLIN) 237065
852 ## - LOCALIZACIÓN
Ubicación ES-MaACL
Número de control de estantería L-31422
Holdings
Estatus retirado Estado de pérdida Estado de daño No para préstamo Biblioteca de origen Biblioteca actual Ubicación en estantería Fecha de adquisición Fuente de adquisición Total de préstamos Signatura topográfica completa Código de barras Visto por última vez Precio de reemplazo Tipo de ítem Koha
        Biblioteca del Ateneo de Madrid Biblioteca del Ateneo de Madrid Depósito 2 12/04/2017     L-31422 1197387 23/02/2023 23/02/2023 Libro impreso